000
00291nam a2200133Ia 4500
003
LDD
040
_c
LDD
245
0
_a
Academic Periodicals Collection
260
_c
2006
440
_a
BACKFILE Z JAN.1990-MAY-1997
901
_a
1254
_b
03-03-1998
902
_b
23-03-1998
942
_2
ddc
_c
CD
999
_c
151691
_d
151691